00180nam a22000737a 4500020001500000100001900015245004100034260003100075 a0439390133 a Janet Stevens aAnd the DISH Ran Away with the SPOON aNew YorkbScholasticc2001